000 01035nam a2200313 i 4500
001 768714001
003 CO-MdFUSB
005 20210624144804.0
008 190826t2004 miu |||| |||| 00| 0 eng d
020 _a9780310262848
040 _aCO-MdFUSB
_bspa
_cCO-MdFUSB
_dCO-MdFUSBC
_erda
041 _aeng
082 _222
_a220.3
_bN992
110 _aZondervan Bible Publishers
240 _aNew American standard updated edition exhaustive concordance of the Bible
245 _aThe strongest :
_bNASB exhautive concordance.
_c/ editores Bíblicos Zondervan
264 1 _aMichigan :
_bZondervan,
_c[2004]
264 4 _c© 2004
300 _axiv, 1582 páginas
_c; 29 cm
336 _2rdacontent
_atexto
_btxt
337 _2rdamedia
_asin mediación
_bn
338 _2rdacarrier
_avolumen
_bnc
505 _aConcordancia. -- Diccionario Hebreo-Arameo. -- Diccionario Griego.
563 _aRústico
650 0 _916
_aBiblia
_vConcordancias.
650 0 _916
_aBiblia
_vDiccionarios.
942 _cREF
945 _aJTF-925
999 _c65163
_d65163